logo

Bir Sreshtho Munshi Abdur Rouf Library
Jhenaidah Cadet College

The entrepreneurial investor : (Record no. 1920)

MARC details
000 -LEADER
fixed length control field 01260cam a2200337 a 4500
001 - CONTROL NUMBER
JCCL Control Number 1920
003 - CONTROL NUMBER IDENTIFIER
JCCL marc code BD-JhCC
005 - DATE AND TIME OF LATEST TRANSACTION
control field 20210929134019.0
008 - FIXED-LENGTH DATA ELEMENTS--GENERAL INFORMATION
fixed length control field 070823s2008 njua b a 001 0 eng
020 ## - INTERNATIONAL STANDARD BOOK NUMBER
International Standard Book Number 9780470227145 (cloth)
020 ## - INTERNATIONAL STANDARD BOOK NUMBER
International Standard Book Number 0470227141 (cloth)
035 ## - SYSTEM CONTROL NUMBER
system control number (BD-JhCC)1920
040 ## - CATALOGING SOURCE
Original cataloging agency DLC
Transcribing agency DLC
Modifying agency YDX
-- BAKER
-- YDXCP
-- DLC
041 ## - LANGUAGE CODE
Language code of Book eng
050 00 - LIBRARY OF CONGRESS CALL NUMBER
Classification number HG4661
Item number .E58 2008
082 00 - DEWEY DECIMAL CLASSIFICATION NUMBER
Classification number 332.67/8
DDC Edition number 22
Author mark and Year ORF 2008
245 04 - TITLE STATEMENT
Title The entrepreneurial investor :
Remainder of title the art, science, and business of value investing /
Statement of responsibility, etc Paul Orfalea ... [et al.].
260 ## - PUBLICATION, DISTRIBUTION, ETC. (IMPRINT)
Place of publication, distribution, etc Hoboken, N.J. :
Name of publisher, distributor, etc John Wiley,
Date of publication, distribution, etc c2008.
300 ## - PHYSICAL DESCRIPTION
Pagination xxi, 170 p. :
Other physical details ill. ;
Dimensions 24 cm.
504 ## - BIBLIOGRAPHY, ETC. NOTE
Bibliography, etc Includes bibliographical references (p. 163-165) and index.
650 #0 - SUBJECT ADDED ENTRY--TOPICAL TERM
Topical term or geographic name as entry element Stocks.
650 #0 - SUBJECT ADDED ENTRY--TOPICAL TERM
Topical term or geographic name as entry element Value investing.
650 #0 - SUBJECT ADDED ENTRY--TOPICAL TERM
Topical term or geographic name as entry element Investment analysis.
650 #0 - SUBJECT ADDED ENTRY--TOPICAL TERM
Topical term or geographic name as entry element Corporations
General subdivision Valuation.
700 1# - ADDED ENTRY--PERSONAL NAME
Personal name Orfalea, Paul.
856 42 - ELECTRONIC LOCATION AND ACCESS
Materials specified Publisher description
Uniform Resource Identifier http://www.loc.gov/catdir/enhancements/fy0741/2007034468-d.html
856 41 - ELECTRONIC LOCATION AND ACCESS
Materials specified Table of contents only
Uniform Resource Identifier http://www.loc.gov/catdir/enhancements/fy0743/2007034468-t.html
856 42 - ELECTRONIC LOCATION AND ACCESS
Materials specified Contributor biographical information
Uniform Resource Identifier http://www.loc.gov/catdir/enhancements/fy0806/2007034468-b.html
942 ## - ADDED ENTRY ELEMENTS (KOHA)
Source of classification or shelving scheme Dewey Decimal Classification
Koha item type Books
Koha issues (borrowed), all copies 3
Holdings
Source of classification or shelving scheme Damaged status Not for loan Home library Current library Shelving location Date of accession Total Checkouts Full call number Barcode Checked out Date last seen Date checked out Copy number Koha item type
Dewey Decimal Classification     JCC Rouf Library JCC Rouf Library General Stacks 10/26/2017 4 332.67/8 ORF 2008 3001 09/21/2024 08/27/2024 08/27/2024 C-1 Books

JCC Library | Contacts | JCC Home

Last Update on 23 September 2017
Copyright @ 2017-2020 JCC Rouf Library
Rouf Library, Jhenidah Cadet College (JCC), Bangladesh